Sexualidad y sexismo bajo el capitalismo /
Guardado en:
| Autor principal: | |
|---|---|
| Formato: | Texto |
| Materias: | |
| Etiquetas: |
Agregar Etiqueta
Sin Etiquetas, Sea el primero en etiquetar este registro!
|
MARC
| LEADER | 00000 a a2200000 04500 | ||
|---|---|---|---|
| 001 | 47527 | ||
| 003 | |||
| 040 | |||
| 090 | |a REV0857 6 (16) 1980 | ||
| 100 | |a Monroy Nasr, Zuraya | ||
| 245 | |a Sexualidad y sexismo bajo el capitalismo / |c Zuraya Monroy Nasr | ||
| 650 | |a SEXUALIDAD | ||
| 650 | |a MEDIO CULTURAL | ||
| 650 | |a CAPITALISMO | ||
| 773 | |g volumen6, número16, mayo-agosto (1980) | ||
| 999 | |c 25455 |d 25455 | ||
